000 00681cam a22002531 4500
001 sa 68015564
003 DLC
005 20260227112644.0
008 950221m19679999ii a b 000 0 tamo
010 _asa 68015564
025 _aPL480:I-T-2240
035 _a(OCoLC)32029445
040 _aDLC
_cCU
_dCU
_dOCoLC
_dDLC
050 0 0 _aGR780
_b.S2
100 1 _aCāmi, Pi. El.,
_d1925-
245 1 0 _aCaṅka ilakkiyattil ceṭikoṭi viḷakkam.
250 _a[1st ed.]
260 _c1967-
300 _av.
_bill. (part col.)
_c19 cm.
500 _aIn Tamil.
504 _aBibliography: v. 1, p.[24] (1st group)
650 0 _aPlants
_xFolklore.
650 0 _aBotany
_zSri Lanka.
999 _c86522
_d86522